00333pab a2200133 454500008004000000100001700040245002800057260000900085300001100094650002800105650002000133700001700153773002900170180718b1997 xxu||||| |||| 00| 0 eng d aJoshi, Vijay aIndia - reform and hold c1997 ap.1-42 aEconomic reform - India aEconomic reform aLittle, M.D. aAsian Development Review